Normal view
MARC view
- Vallin, Robert W.
Entry Personal Name
001 - CONTROL NUMBER
- control field: 37262
003 - CONTROL NUMBER IDENTIFIER
- control field: OSt
005 - DATE AND TIME OF LATEST TRANSACTION
- control field: 20190301175216.0
008 - FIXED-LENGTH DATA ELEMENTS
- fixed length control field: 190301|| aca||aabn | a|a d
040 ## - CATALOGING SOURCE
- Original cataloging agency: OSt
- Transcribing agency: OSt
100 ## - HEADING--PERSONAL NAME
- Personal name: Vallin, Robert W.
670 ## - SOURCE DATA FOUND
- Source citation: Work cat.: (OSt): Vallin, Robert W., A magic trick leads to an identify:, cJul 2012-Sept 2015.
